000 00212 a2200097 4500
020 _a9789992230374
041 _aspa
100 _aCalderon rodriguez magdalena maria
245 _aEstudios sociales 4
942 _cBK
999 _c11577
_d11577